<?xml version="1.0" encoding="UTF-8"?><?xml-stylesheet type="text/xsl" href="static/style.xsl"?><OAI-PMH xmlns="http://www.openarchives.org/OAI/2.0/" xmlns:xsi="http://www.w3.org/2001/XMLSchema-instance" xsi:schemaLocation="http://www.openarchives.org/OAI/2.0/ http://www.openarchives.org/OAI/2.0/OAI-PMH.xsd"><responseDate>2026-06-05T14:23:41Z</responseDate><request verb="GetRecord" identifier="oai:riuma.uma.es:10630/11228" metadataPrefix="marc">https://riuma.uma.es/rest/oai/request</request><GetRecord><record><header><identifier>oai:riuma.uma.es:10630/11228</identifier><datestamp>2026-02-03T10:22:23Z</datestamp><setSpec>com_10630_1685</setSpec><setSpec>col_10630_38055</setSpec></header><metadata><record xmlns="http://www.loc.gov/MARC21/slim" xmlns:dcterms="http://purl.org/dc/terms/" xmlns:doc="http://www.lyncode.com/xoai" xmlns:xsi="http://www.w3.org/2001/XMLSchema-instance" xsi:schemaLocation="http://www.loc.gov/MARC21/slim http://www.loc.gov/standards/marcxml/schema/MARC21slim.xsd">
   <leader>00925njm 22002777a 4500</leader>
   <datafield ind2=" " ind1=" " tag="042">
      <subfield code="a">dc</subfield>
   </datafield>
   <datafield ind2=" " ind1=" " tag="720">
      <subfield code="a">Pérez Alonso, Leonor</subfield>
      <subfield code="e">author</subfield>
   </datafield>
   <datafield ind2=" " ind1=" " tag="260">
      <subfield code="c">2016-04-21</subfield>
   </datafield>
   <datafield ind2=" " ind1=" " tag="520">
      <subfield code="a">El ser humano desde siempre ha sentido miedo al situarse frente a la inmensidad, frente a un mundo inabarcable. Trata de verse reflejado en la naturaleza en busca de sí mismo, observando – y por tanto intentando comprender – el mundo como una necesidad ontológica. Contemplando el mar, el sentimiento de temor, nostalgia e indefensión frente al mar embravecido no es contrario, sino se complementa, con la voluntad de poder salir adelante y la inspiración que supone la fuerza de la naturaleza – en este caso, del agua y del viento – para soñar la posible superación del devenir. Paul Valéry en su poema “El cementerio marino” abraza las emociones que nos sacuden: desde un primer estado de pasividad, inmovilidad ante el mundo dado, seguido del cuestionamiento de la propia identidad y del alma para, final y triunfalmente, dar aliento y movernos a la acción, a la creación. Mi proyecto explora a través del paisaje, del dibujo y de la línea un mundo interior en el que me sumerjo para emprender una búsqueda de respuestas en un mar de interrogantes.</subfield>
   </datafield>
   <datafield ind1="8" ind2=" " tag="024">
      <subfield code="a">http://hdl.handle.net/10630/11228</subfield>
   </datafield>
   <datafield tag="653" ind2=" " ind1=" ">
      <subfield code="a">Dibujo</subfield>
   </datafield>
   <datafield tag="653" ind2=" " ind1=" ">
      <subfield code="a">Pintura</subfield>
   </datafield>
   <datafield tag="653" ind2=" " ind1=" ">
      <subfield code="a">Bellas Artes - Trabajos Fin de Grado</subfield>
   </datafield>
   <datafield tag="653" ind2=" " ind1=" ">
      <subfield code="a">Grado en Bellas Artes - Trabajos Fin de Grado</subfield>
   </datafield>
   <datafield ind2="0" ind1="0" tag="245">
      <subfield code="a">Días en el mar Ocean days</subfield>
   </datafield>
</record>
</metadata></record></GetRecord></OAI-PMH>